000 00279nam a2200109Ia 4500
008 190914s9999||||xx |||||||||||||| ||und||
100 _aR. Panneerselvam
245 0 _aProduction and Operations Management
260 _aNew Jersey
_bThomson South
_c1999
300 _a480
942 _cBK
999 _c9484
_d9484